Esquema de ordenamiento urbano para la ciudad de Nagarote, León 2011 - 2026
Presenta esquema de ordenamiento urbano de la ciudad de Nagarote, departamento de León, en el cual se implementa técnicas de levantamiento y procesamiento de información gráfica y escrita para la elaboración del diagnóstico de la ciudad, este plan de ordenamiento podrá ser utilizado como inst...
| Main Authors: | , |
|---|---|
| Other Authors: | |
| Format: | Tesis Section = Libro |
| Language: | Undetermined Spanish |
| Published: |
Managua
UNI
2011
|
| Subjects: |
| LEADER | 01297nam a2200253Ia 4500 | ||
|---|---|---|---|
| 008 | 240830s9999 xx 000 0 und d | ||
| 040 | |a BIBLIOTECA-RUSB/ Mon 711.4 L296 | ||
| 041 | |a spa | ||
| 082 | |a Mon 711.4 L296 | ||
| 100 | 1 | |a Lanuza Vélez, Karla Vanessa | |
| 100 | 1 | |b Manzanares Flores, Klausia María | |
| 245 | 1 | 0 | |a Esquema de ordenamiento urbano para la ciudad de Nagarote, León 2011 - 2026 |
| 260 | |a Managua |b UNI |c 2011 | ||
| 300 | |a 155 p. :il. | ||
| 500 | |a Contiene: anexos e incluye: CD. | ||
| 502 | |a Tesis (Arquitecto) - UNI, 2011. | ||
| 520 | 3 | |a Presenta esquema de ordenamiento urbano de la ciudad de Nagarote, departamento de León, en el cual se implementa técnicas de levantamiento y procesamiento de información gráfica y escrita para la elaboración del diagnóstico de la ciudad, este plan de ordenamiento podrá ser utilizado como instrumento rector para la ejecución y control de programas, planes y proyectos urbanos convergiendo estas metas con la imagen futura de la ciudad. | |
| 650 | 7 | |a CIUDADES - PLANES Y PLANIFICACION LOCALES | |
| 650 | 7 | |b URBANISMO - PLANIFICACION DEL ESPACIO - NAGAROTE | |
| 650 | 7 | |c ARQUITECTURA - DISEÑO Y PLANOS | |
| 700 | 1 | |a Tutor: |b González Jirón, Jorge Samuel | |
| 942 | |c BK |2 ddc | ||
| 991 | |a TESIS | ||
| 999 | |c 20924 | ||